000 00584nam a22002177a 4500
003 DO-SdBNP
005 20180130092809.0
008 151210b 19uu enk ||||| |||| 00| 0 spa d
040 _aBPMSU
_bspa
_cBPMSU
092 _axxxxx
_bxxxxx
100 1 _aAlcott, Louisa May
245 1 0 _aLittle women /
_cLouisa May Alcott.
260 _aBridlington [England] :
_bPriory Books,
_c[19--].
300 _a199 p.
_c20 cm.
490 1 _aPriory classics
830 0 _aPriory classics
910 _a00260
942 _2ddc
_cBK
945 _aInventariado, 2018 /LP
956 _aLOPEREZ
_b10
999 _c9088
_d9088